000 00420nam a2200181Ia 4500
001 3739
005 20260306145705.0
008 260306t2004||||xx |||||||||||||| ||spa||
041 _aESP
082 _a302.2242
_bM12
100 _aMcEntee Sullivan, Eileen
_eAUT
245 0 _aComunicación oral
260 _c2004
300 _a160 pƔginas :
_c27 cm.
650 _aGEN
654 _aCED
942 _cLIB
_dJUS
_fJUS
_2ddc
_n
999 _c3739
_d3739